00399nam a2200121Ia 4500008004100000020001800041082001400059100003800073245007800111260003800189300001000227650004000237120629s9999 xx 000 0 und d a970-24-0478-9 a540 R173q aRamirez Regalado, Víctor Manuel aQuímica I : para bachillerato general / Victor Manuel Ramirez Regalado. aMéxico : Publicaciones Cultural a293 p a1. QUIMICA-ESTUDIO Y ENSEÑANZAÌ